00457nam a22001577a 450000500170000001000150001702000260003203500130005803700130007108200100008410000160009424500650011026000490017527000560022430000190028020100825150832.0 aENG-101373 a9788190889804c195.00 aEN-84906 bDBAD/PUB a332.6 aDesai, R G  aScorecard of an investment the Zuari story / cby R G Desai  aMumbai bThe Asian New Age Publishers c2010 aJeevan Sahakar Sir P M Road Fort bMumbai e400001 a94pc22cm(pbk)